Top 30 Lil Baby Songs - Statistics

General Stats
  • This quiz has been taken 32 times
  • The average score is 6 of 30
Answer Stats
# Song Rating % Correct
1. Freestyle 90
70%
5. Drip Too Hard 82
63%
8. Sum 2 Prove 78
56%
10. Emotionally Scarred 78
52%
14. Woah 76
48%
2. Pure Cocaine 86
41%
3. Life Goes On 83
37%
9. Yes Indeed 78
37%
17. Commercial 74
30%
24. Grace 72
30%
11. Never Recover 78
30%
15. 2040 75
22%
19. My Dawg 73
22%
26. No Sucker 70
15%
22. Southside 72
15%
30. Forever 69
11%
16. Heatin Up 74
11%
18. Transporter 73
11%
28. All Of A Sudden 69
7%
12. Dum, Dumb, and Dumber 77
7%
4. p r i d e . i s . t h e . d e v i l 83
7%
25. Stuff 71
7%
7. Hats Off 78
4%
23. Let's Do It 72
4%
27. Voice of the Heroes 70
4%
21. All My Life 72
0%
20. EAST POINT PRAYER 72
0%
6. False Idols 80
0%
13. Love Off My Closet 76
0%
29. Man of my Word 69
0%
No matching quizzes found
Score Distribution
Percent of People with Each Score
Percentile by Number Answered
Your Score History
You have not taken this quiz